Dragon Ball World Martial Arts Tournament Participants - Sudden Death - Statistics

General Stats
  • This quiz has been taken 46 times
    30 since last reset
  • The average score is 15 of 18
Answers on the Grid
Answers color-coded by a green-red scale on the quiz's grid according to % correct below.
Son Goku
Son Gohan
Frieza
Mr. Satan
Piccolo
Cell
Beerus
Krillin
Jackie Chun
Dende
Chi-Chi
Oolong
Videl
Nappa
Puar
Whis
Son Goten
Zarbon
Yamcha
Dodoria
Tien Shinhan
Android 18
Android 17
Trunks
Dabura
Kibito
Shin
Chiaotzu
Raditz
Mr. Popo
Mercenary Tao
Nam
 
Answer Stats
Answer % Correct
Son Goku
100%
Piccolo
96%
Jackie Chun
91%
Krillin
91%
Mr. Satan
91%
Son Gohan
91%
Son Goten
91%
Tien Shinhan
91%
Android 18
87%
Yamcha
87%
Trunks
83%
Chiaotzu
78%
Chi-Chi
78%
Videl
78%
Mercenary Tao
74%
Shin
70%
Kibito
61%
Nam
61%
No matching quizzes found
Score Distribution
Percent of People with Each Score
Percentile by Number Answered
Your Score History
You have not taken this quiz since the last reset